Obligácie s pohyblivým výnosom a ich ohodnocovanie

Stručný pohľad na význam obligácií s pohyblivým výnosom, ktoré patria do skupiny inovácií, začiatky ktorých sú v 70. a 80. rokoch minulého storočia. Spôsoby stanovenia výnosov z kupónov v SR a na zahraničných trhoch. Spôsoby stanovenia pohyblivých výnosov z kupónov na zahraničných trhoch-možnosť inš...

Full description

Saved in:
Bibliographic Details
Main Author: Hrvoľová, Božena
Format: Book Chapter
Language:Slovak
Subjects:
Tags: Add Tag
No Tags, Be the first to tag this record!

MARC

LEADER 00000naa$a2200000$$$4500
001 0050493
005 20240502083132.4
041 0 |a slo 
044 |a CZ 
245 1 0 |a Obligácie s pohyblivým výnosom a ich ohodnocovanie 
520 |a Stručný pohľad na význam obligácií s pohyblivým výnosom, ktoré patria do skupiny inovácií, začiatky ktorých sú v 70. a 80. rokoch minulého storočia. Spôsoby stanovenia výnosov z kupónov v SR a na zahraničných trhoch. Spôsoby stanovenia pohyblivých výnosov z kupónov na zahraničných trhoch-možnosť inšpirácie pre domácich emitentov. Ohodnocovanie obligácií s pohyblivým výnosom. 
610 2 0 |a obligácie 
610 2 0 |a trh finančný 
610 2 0 |a papiere cenné 
610 2 0 |a výnosy 
610 2 0 |a nástroje finančné 
610 2 0 |a volatilita 
610 2 0 |a hodnota 
610 2 0 |a trh kapitálový 
610 2 0 |a emitenti 
610 2 0 |a Slovensko 
100 1 |a Hrvoľová, Božena